<?xml version="1.0" encoding="UTF-8"?>
<marc:record xmlns:marc="http://www.loc.gov/MARC21/slim">
   <marc:leader>00000nam a2200000 a 4500</marc:leader>
   <marc:datafield ind1="1" ind2=" " tag="100">
      <marc:subfield code="a">Delia, Joe</marc:subfield>
      <marc:subfield code="4">aut</marc:subfield>
      <marc:subfield code="e">Verfasser/-in</marc:subfield>
   </marc:datafield>
   <marc:datafield ind1="1" ind2=" " tag="100">
      <marc:subfield code="a">Zois, Christ</marc:subfield>
      <marc:subfield code="4">aut</marc:subfield>
      <marc:subfield code="e">Verfasser/-in</marc:subfield>
   </marc:datafield>
   <marc:datafield ind1="1" ind2=" " tag="100">
      <marc:subfield code="a">Ferrara, Abel</marc:subfield>
      <marc:subfield code="4">aut</marc:subfield>
      <marc:subfield code="e">Verfasser/-in</marc:subfield>
   </marc:datafield>
   <marc:datafield ind1="1" ind2=" " tag="100">
      <marc:subfield code="a">Pagano, Fabio</marc:subfield>
   </marc:datafield>
   <marc:datafield ind1="1" ind2=" " tag="100">
      <marc:subfield code="a">Chiriac, Cristina</marc:subfield>
   </marc:datafield>
   <marc:datafield ind1="1" ind2=" " tag="100">
      <marc:subfield code="a">Dafoe, Willem</marc:subfield>
   </marc:datafield>
   <marc:datafield ind1="1" ind2=" " tag="100">
      <marc:subfield code="a">McBurney, Simon</marc:subfield>
   </marc:datafield>
   <marc:datafield ind1="1" ind2=" " tag="100">
      <marc:subfield code="a">Sichov, Dounia</marc:subfield>
   </marc:datafield>
   <marc:datafield ind1="0" ind2="0" tag="245">
      <marc:subfield code="a">Siberia</marc:subfield>
   </marc:datafield>
   <marc:datafield ind1="0" ind2="0" tag="245">
      <marc:subfield code="c">Produktion: Gregorio Paonessa, Marta Donzelli; Kamera: Stefano Falivene; Schauspieler: Dounia Sichov, Simon McBurney, Willem Dafoe, Cristina Chiriac, Fabio Pagano, Phil Neilson, Daniel Giménez Cacho, Anna Ferrara, Laurent Arnatsiaq; Regie: Abel Ferrara; M</marc:subfield>
   </marc:datafield>
   <marc:datafield ind1=" " ind2="1" tag="264">
      <marc:subfield code="a">Potsdam</marc:subfield>
      <marc:subfield code="b">filmwerte GmbH</marc:subfield>
      <marc:subfield code="c">2023</marc:subfield>
   </marc:datafield>
   <marc:datafield ind1="1" ind2=" " tag="520">
      <marc:subfield code="a">Clint (Willem Dafoe) ist ein vom Leben gezeichneter Mann. Um endlich seinen inneren Frieden zu finden, hat er sich in eine einsame Hütte in den verschneiten Bergen zurückgezogen. Dort betreibt er ein kleines Café, in das sich nur selten Reisende oder Einheimische verirren. Aber selbst in der Abgeschiedenheit findet Clint keine Ruhe. Eines schicksalhaften Abends bricht er mit seinem Hundeschlitten auf, getrieben von der Hoffnung, sein wahres Ich zu finden. Eine Reise durch seine Träume, Erinnerungen und Fantasien beginnt.</marc:subfield>
   </marc:datafield>
   <marc:datafield ind1=" " ind2=" " tag="300">
      <marc:subfield code="a">1 Online-Ressource (91 min), Bild: 16:9 HD</marc:subfield>
   </marc:datafield>
</marc:record>
